000 00951nam a2200229 a 4500
001 54887
003 BD-RjUL
005 20211209080201.0
008 161112s1989 bg ||||| |||| 00| 0 ben d
020 _c: Tk.40.00
035 _a(BD-RjUL)55009
040 _aBD-RjUL
_bben
_cBD-RjUL
_dBD-RjUL
041 _aben
082 _223
_a954.924
_bRAJ 1989
245 0 0 _aরাজশাহীতে ভাষা আন্দোলন স্মারকপত্র /
_cতসিকুল ইসলাম সম্পাদিত
260 _aঢাকা :
_bআলীগড় লাই.,
_c১৯৮৯ (১৩৯৬)
300 _aবিভিন্ন পৃ. :
_bচিত্র ;
_c২১ সেমি.
651 _aরাজশাহী (বাংলাদেশ)
_vইতিহাস
_9163601
651 _aRajshahi (Bangladesh)
_vHistory
_9163604
700 _aইসলাম, তসিকুল
_qসম্পাদিত
_9163614
942 _2ddc
_cBK
999 _c54887
_d54887